| 000 | 00482nam a22001817a 4500 | ||
|---|---|---|---|
| 003 | OSt | ||
| 005 | 20211227100208.0 | ||
| 008 | 211227b |||||||| |||| 00| 0 eng d | ||
| 020 | _a 0028138813 | ||
| 040 | _cHU | ||
| 082 |
_2001. _a001.6KEA 1997 |
||
| 100 |
_aKEYBODING AND DOCUMENT PROCESSING _925335 |
||
| 245 | _aKEYBODING AND DOCUMENT PROCESSING | ||
| 250 | _a7th | ||
| 260 |
_aNEW YORK _bGLENCOE _c1997 |
||
| 300 |
_avii R15 OR1 336P _bSB 42 _c26 _fHc |
||
| 942 |
_2ddc _cBOOKS _n0 |
||
| 999 |
_c24255 _d24255 |
||